[Event "5. ODEM U25 2008"]
[Site "Willingen GER"]
[Date "2008.05.11"]
[Round "1"]
[White "Kunz, André"]
[Black "Glatting, Lisa"]
[Result "1-0"]
[Termination "normal"]
[Board "21"]
[WhiteElo "1915"]
[BlackElo "1762"]
[PlyCount "99"]
[WhiteFideId "24623652"]
[BlackFideId "24667617"]
[EventCountry "GER"]
[EventRounds "9"]
[EventType "swiss"]
[EventDate "2008.05.10"]

1. e4 e5 2. Bc4 Bc5 3. Nc3 Nf6 4. f4 d6 5. Nf3 Bg4 6. d3 Nbd7 7. Na4 Qe7 8.
Nxc5 Nxc5 9. O-O Ncd7 10. c3 O-O 11. Bb3 c6 12. h3 Bxf3 13. Qxf3 Rac8 14. Be3
a6 15. Rae1 Kh8 16. f5 Rg8 17. Kh1 Nc5 18. Bc2 Rcd8 19. b4 Ncd7 20. g4 c5 21.
g5 Ne8 22. Bb3 Rc8 23. g6 Rf8 24. Bxf7 Rxf7 25. gxf7 Qxf7 26. Re2 Nef6 27. Rg2
cxb4 28. cxb4 Rc3 29. Rfg1 Ne8 30. Bc1 Ndf6 31. Bb2 Rc7 32. a3 Qe7 33. Rd2 b5
34. Rgg2 Rd7 35. Rc2 Rc7 36. Qd1 Qf7 37. Rxc7 Qxc7 38. Rc2 Qf7 39. Rc6 Qb7 40.
Qc2 h6 41. d4 exd4 42. Bxd4 Qe7 43. Rxa6 Kh7 44. Ra7 Qxe4+ 45. Qxe4 Nxe4 46.
Kg2 N8f6 47. Rb7 h5 48. Rxb5 g6 49. a4 Ne8 50. a5 1-0

[Event "5. ODEM U25 2008"]
[Site "Willingen GER"]
[Date "2008.05.11"]
[Round "1"]
[White "Hümmecke, Aaron"]
[Black "Arps, Jan-Philipp"]
[Result "0-1"]
[Termination "normal"]
[Board "22"]
[WhiteElo "1466"]
[BlackElo "2027"]
[PlyCount "78"]
[WhiteFideId "24692522"]
[BlackFideId "24645680"]
[EventCountry "GER"]
[EventRounds "9"]
[EventType "swiss"]
[EventDate "2008.05.10"]

1. f4 Nf6 2. Nf3 g6 3. b3 Bg7 4. Bb2 O-O 5. e3 d6 6. Be2 b6 7. O-O Bb7 8. d3 c5
9. Qe1 Nbd7 10. Qh4 Rc8 11. c4 Re8 12. e4 e6 13. Nbd2 Nxe4 14. dxe4 Qxh4 15.
Nxh4 Bxb2 16. Rad1 Nf6 17. Bf3 Rcd8 18. e5 Bxf3 19. Nhxf3 dxe5 20. fxe5 Ng4 21.
Rde1 Nxe5 22. Nxe5 Bxe5 23. Ne4 Bd4+ 24. Kh1 f5 25. Ng5 e5 26. Rf3 h6 27. Nh3
e4 28. Rg3 Kh7 29. Re2 Be5 30. Rge3 Rd1+ 31. Re1 Rxe1+ 32. Rxe1 Rd8 33. Nf2 Rd2
34. Rf1 e3 35. Nh3 e2 36. Re1 Rd1 37. Rxd1 exd1=Q+ 38. Ng1 Bd4 39. g4 Qxg1# 0-1

[Event "5. ODEM U25 2008"]
[Site "Willingen GER"]
[Date "2008.05.11"]
[Round "1"]
[White "Seyrich, Maximilian"]
[Black "Zuferi, Enis"]
[Result "0-1"]
[Termination "normal"]
[Board "23"]
[WhiteElo "1943"]
[BlackElo "1462"]
[PlyCount "134"]
[WhiteFideId "24622427"]
[BlackFideId "24692530"]
[EventCountry "GER"]
[EventRounds "9"]
[EventType "swiss"]
[EventDate "2008.05.10"]

1. d4 Nf6 2. c4 g6 3. Nc3 d5 4. cxd5 Nxd5 5. e4 Nxc3 6. bxc3 c5 7. Bc4 Bg7 8.
Be3 Nc6 9. Ne2 cxd4 10. cxd4 O-O 11. O-O Na5 12. Bd3 Be6 13. d5 Bxa1 14. Qxa1
f6 15. Bh6 Re8 16. Nf4 Bd7 17. e5 Qc7 18. e6 Ba4 19. Qb1 Rac8 20. Bxg6 Bc2 21.
Bf7+ Kh8 22. Qc1 Rg8 23. Qd2 Be4 24. Bxg8 Rxg8 25. f3 Bg6 26. Rc1 Nc4 27. Qd4
b5 28. Nxg6+ Rxg6 29. Bf4 Qa5 30. Qf2 Qa3 31. Rd1 Nb2 32. Rd2 Nd3 33. Rxd3 Qxd3
34. Qxa7 Qd1+ 35. Kf2 Qc2+ 36. Ke3 Rxg2 37. Qb8+ Kg7 38. Qxb5 Qf2+ 39. Ke4 Qxa2
40. Qd3 Re2+ 41. Kf5 h5 42. Be3 Qb2 43. Qd4 Qc2+ 44. Qe4 Qd1 45. d6 Qxd6 46.
Bh6+ Kxh6 47. Qxe2 Qd5+ 48. Kf4 Qg5+ 49. Ke4 Qe5+ 50. Kd3 Qxe2+ 51. Kxe2 Kg5
52. Kf2 Kf4 53. Kg2 f5 54. Kf2 h4 55. Ke2 Ke5 56. Ke3 Kxe6 57. f4 Kd5 58. Kd3
e6 59. h3 e5 60. fxe5 Kxe5 61. Ke3 f4+ 62. Kd3 Kd5 63. Ke2 Ke4 64. Kf2 f3 65.
Kf1 Ke5 66. Kf2 Kf4 67. Kf1 Kg3 0-1

[Event "5. ODEM U25 2008"]
[Site "Willingen GER"]
[Date "2008.05.11"]
[Round "1"]
[White "Usov, Andreas"]
[Black "Zahn, Benno"]
[Result "0-1"]
[Termination "normal"]
[Board "24"]
[WhiteElo "1461"]
[BlackElo "1798"]
[PlyCount "46"]
[WhiteFideId "24601713"]
[BlackFideId "24636070"]
[EventCountry "GER"]
[EventRounds "9"]
[EventType "swiss"]
[EventDate "2008.05.10"]

1. e4 c5 2. Nf3 d6 3. d4 cxd4 4. Nxd4 Nf6 5. Nc3 g6 6. Be3 Bg7 7. f3 O-O 8. Bc4
Nc6 9. Qd2 Bd7 10. O-O-O Rb8 11. Kb1 Ne5 12. Bb3 b5 13. Nd5 Nxd5 14. Bxd5 a5
15. f4 Nc4 16. Bxc4 bxc4 17. h3 Qc7 18. c3 Qb7 19. Rde1 Qxe4+ 20. Qc2 Qb7 21.
Rhg1 Bxd4 22. Bxd4 Bf5 23. Re2 Qxb2# 0-1

[Event "5. ODEM U25 2008"]
[Site "Willingen GER"]
[Date "2008.05.11"]
[Round "1"]
[White "Kyas, Marcel"]
[Black "Hauffen, Kai"]
[Result "1-0"]
[Termination "normal"]
[Board "25"]
[WhiteElo "1986"]
[BlackElo "1454"]
[PlyCount "49"]
[WhiteFideId "24642037"]
[EventCountry "GER"]
[EventRounds "9"]
[EventType "swiss"]
[EventDate "2008.05.10"]

1. e4 c5 2. Nf3 d6 3. Bb5+ Bd7 4. Bxd7+ Nxd7 5. O-O Ngf6 6. Re1 Qc7 7. c3 g6 8.
d4 cxd4 9. cxd4 Bg7 10. Nc3 O-O 11. Bf4 e5 12. Bg3 Rfe8 13. Qb3 exd4 14. Nb5
Nc5 15. Nxc7 Nxb3 16. axb3 Rac8 17. Nxe8 Rxe8 18. e5 dxe5 19. Bxe5 Rd8 20. Bxd4
Ng4 21. Bxg7 Kxg7 22. Rxa7 Rc8 23. h3 Nf6 24. Rxb7 Rc2 25. Ree7 1-0

[Event "5. ODEM U25 2008"]
[Site "Willingen GER"]
[Date "2008.05.11"]
[Round "1"]
[White "Voss, Mathieu"]
[Black "Sieker, Roland"]
[Result "0-1"]
[Termination "normal"]
[Board "26"]
[WhiteElo "1452"]
[BlackElo "2047"]
[PlyCount "102"]
[BlackFideId "24600261"]
[EventCountry "GER"]
[EventRounds "9"]
[EventType "swiss"]
[EventDate "2008.05.10"]

1. e4 c5 2. Nc3 d6 3. f4 g6 4. Nf3 Bg7 5. d3 Nc6 6. Be2 a6 7. O-O b5 8. Kh1 Bd7
9. Qe1 Rc8 10. Rb1 e6 11. Bd2 Nge7 12. Nd1 b4 13. Nf2 a5 14. Ng4 e5 15. Nf2 Be6
16. b3 O-O 17. fxe5 dxe5 18. Qc1 Nd4 19. Nxd4 cxd4 20. Rb2 Qd7 21. Bh6 f5 22.
Bxg7 Kxg7 23. Kg1 f4 24. Qd2 g5 25. Qd1 Rc5 26. Bg4 Rfc8 27. Bxe6 Qxe6 28. Qe2
Nc6 29. Qh5 Qg6 30. Qg4 Rc7 31. Nh3 h6 32. Rc1 Na7 33. Nf2 Nb5 34. Nd1 Na3 35.
Qe2 Qc6 36. h3 Nxc2 37. Qd2 Ne3 38. Rxc5 Qxc5 39. Nxe3 dxe3 40. Qe2 Qc1+ 41.
Kh2 Qa1 42. Rc2 Rxc2 43. Qxc2 Qe1 44. Qc7+ Kg6 45. Qc6+ Kh5 46. Qe8+ Kh4 47.
Qg6 h5 48. Qb6 Qg3+ 49. Kg1 e2 50. Qf2 e1=Q+ 51. Qxe1 Qxe1+ 0-1

[Event "5. ODEM U25 2008"]
[Site "Willingen GER"]
[Date "2008.05.11"]
[Round "1"]
[White "Weißbeck, Simon"]
[Black "Lang, Stephan"]
[Result "1-0"]
[Termination "normal"]
[Board "27"]
[WhiteElo "1831"]
[BlackElo "1451"]
[PlyCount "47"]
[WhiteFideId "24646865"]
[BlackFideId "24692557"]
[EventCountry "GER"]
[EventRounds "9"]
[EventType "swiss"]
[EventDate "2008.05.10"]

1. e4 c6 2. d4 d5 3. e5 Bf5 4. Bd3 Bxd3 5. Qxd3 e6 6. Ne2 Nd7 7. O-O Ne7 8. Nd2
Nf5 9. Ng3 Nxg3 10. fxg3 Be7 11. Nf3 O-O 12. Kh1 f6 13. exf6 Bxf6 14. Bf4 Qe7
15. Rae1 Rae8 16. h3 Nb6 17. b3 Nc8 18. g4 Qd7 19. g5 Be7 20. Ne5 Qc7 21. Ng6
Rxf4 22. Nxf4 Bxg5 23. Nxe6 Qa5 24. Nxg5 1-0

[Event "5. ODEM U25 2008"]
[Site "Willingen GER"]
[Date "2008.05.11"]
[Round "1"]
[White "Wenke, Andrea"]
[Black "Wenninger, Philipp"]
[Result "0-1"]
[Termination "normal"]
[Board "28"]
[WhiteElo "1440"]
[BlackElo "1868"]
[PlyCount "104"]
[WhiteFideId "24677736"]
[BlackFideId "4648404"]
[EventCountry "GER"]
[EventRounds "9"]
[EventType "swiss"]
[EventDate "2008.05.10"]

1. e4 c6 2. Nf3 d5 3. exd5 cxd5 4. d3 Nc6 5. Be2 Nf6 6. Nc3 Bg4 7. h3 Bh5 8.
Bf4 e6 9. Ne5 Bxe2 10. Qxe2 Nd4 11. Qd2 Bb4 12. a3 Ba5 13. O-O O-O 14. Rac1 Nf5
15. b4 Bb6 16. Ne2 Rc8 17. c4 Nd4 18. Nxd4 Bxd4 19. Nf3 Bb6 20. c5 Bc7 21. d4
Ne4 22. Qe3 Qd7 23. Bxc7 Rxc7 24. Ne5 Qa4 25. f3 Ng3 26. Rfe1 Nf5 27. Qd3 Ra8
28. Ra1 a5 29. Qc3 Rcc8 30. f4 Ra7 31. g4 Ne7 32. Nd3 Nc6 33. Reb1 Rca8 34. Nb2
axb4 35. Nxa4 bxc3 36. Nxc3 Nxd4 37. a4 Kf8 38. Kf2 Ra5 39. Rxb7 Rxc5 40. Nd1
Rca5 41. Rd7 Rxa4 42. Rxa4 Rxa4 43. h4 Ra3 44. Ne3 Ra2+ 45. Kg3 Re2 46. Ng2 Ke8
47. Rc7 Rc2 48. Rb7 g6 49. Rb4 Rc3+ 50. Kf2 Rf3+ 51. Kg1 Ne2+ 52. Kh2 d4 0-1

[Event "5. ODEM U25 2008"]
[Site "Willingen GER"]
[Date "2008.05.11"]
[Round "1"]
[White "Schwarzat, Julian"]
[Black "Gheng, Hannelore"]
[Result "1-0"]
[Termination "normal"]
[Board "29"]
[WhiteElo "1963"]
[BlackElo "1439"]
[PlyCount "85"]
[WhiteFideId "24675857"]
[EventCountry "GER"]
[EventRounds "9"]
[EventType "swiss"]
[EventDate "2008.05.10"]

1. e3 c5 2. f4 Nf6 3. Nf3 d5 4. b3 g6 5. Bb2 Bg7 6. Bb5+ Bd7 7. Bxd7+ Nbxd7 8.
O-O O-O 9. Ne5 Nxe5 10. fxe5 Nd7 11. d4 f5 12. c3 b5 13. Nd2 Bh6 14. Qe2 c4 15.
Qf3 e6 16. Ba3 Rf7 17. Qh3 Qg5 18. Rae1 a5 19. Nf3 Qh5 20. Qxh5 gxh5 21. Re2
Rg7 22. Kf2 f4 23. Bc1 fxe3+ 24. Bxe3 Bxe3+ 25. Kxe3 a4 26. b4 Rf8 27. Ref2
Rgf7 28. g3 h6 29. Nd2 Rxf2 30. Rxf2 Rxf2 31. Kxf2 Kg7 32. Nb1 Nb6 33. Na3 Kg6
34. Kf3 Kg5 35. h4+ Kg6 36. Nxb5 Nc8 37. Nd6 Nxd6 38. exd6 Kf7 39. Kf4 Ke8 40.
Ke5 Kd7 41. a3 Kd8 42. Kxe6 Kc8 43. Ke7 1-0

[Event "5. ODEM U25 2008"]
[Site "Willingen GER"]
[Date "2008.05.11"]
[Round "1"]
[White "Wang, Julia"]
[Black "Elser, Niklas"]
[Result "0-1"]
[Termination "normal"]
[Board "30"]
[WhiteElo "1432"]
[BlackElo "1858"]
[PlyCount "90"]
[WhiteFideId "24692565"]
[BlackFideId "24634573"]
[EventCountry "GER"]
[EventRounds "9"]
[EventType "swiss"]
[EventDate "2008.05.10"]

1. e4 c5 2. Nc3 e6 3. Bc4 a6 4. a4 Qc7 5. d3 Nc6 6. f4 b6 7. Nf3 Bb7 8. O-O
Nge7 9. Bd2 g6 10. f5 gxf5 11. Ng5 h5 12. exf5 f6 13. Nge4 O-O-O 14. Nxf6 Nxf5
15. Bf4 Bd6 16. Bxd6 Qxd6 17. Nce4 Qd4+ 18. Kh1 Ne3 19. c3 Qe5 20. Qb3 Nxf1 21.
Rxf1 d5 22. Qxb6 dxc4 23. Nxc5 Qc7 24. Qxc7+ Kxc7 25. Nxe6+ Kc8 26. Nxd8 Rxd8
27. dxc4 Rd2 28. Ne4 Rxb2 29. Nd6+ Kd7 30. Nxb7 Rxb7 31. h3 Ke6 32. g4 hxg4 33.
hxg4 Ne5 34. Re1 Rc7 35. Re4 Rxc4 36. Rxc4 Nxc4 37. Kg2 a5 38. Kf3 Nb2 39. Kf4
Nxa4 40. c4 Nc5 41. Kg5 a4 42. Kh6 a3 43. g5 a2 44. g6 a1=Q 45. g7 Kf7 0-1

[Event "5. ODEM U25 2008"]
[Site "Willingen GER"]
[Date "2008.05.11"]
[Round "1"]
[White "Reichert, Manuel"]
[Black "Biebinger, Eva"]
[Result "1-0"]
[Termination "normal"]
[Board "31"]
[WhiteElo "1946"]
[BlackElo "1429"]
[PlyCount "41"]
[WhiteFideId "24674028"]
[EventCountry "GER"]
[EventRounds "9"]
[EventType "swiss"]
[EventDate "2008.05.10"]

1. d4 Nf6 2. c4 e6 3. Nc3 d5 4. cxd5 exd5 5. Bg5 Nbd7 6. e3 c6 7. Bd3 Qa5 8.
Qc2 Bd6 9. Nf3 Qc7 10. O-O a6 11. Rab1 h6 12. Bh4 b6 13. b4 Qd8 14. e4 Be7 15.
e5 Nh5 16. Bxe7 Qxe7 17. Ne2 c5 18. bxc5 bxc5 19. g4 cxd4 20. Qc6 Ra7 21. Qxc8+
1-0

[Event "5. ODEM U25 2008"]
[Site "Willingen GER"]
[Date "2008.05.11"]
[Round "1"]
[White "Nake, Marianne"]
[Black "Huhnstock, Rico"]
[Result "0-1"]
[Termination "normal"]
[Board "32"]
[WhiteElo "1427"]
[BlackElo "1880"]
[PlyCount "70"]
[BlackFideId "24642932"]
[EventCountry "GER"]
[EventRounds "9"]
[EventType "swiss"]
[EventDate "2008.05.10"]

1. e4 c5 2. Nc3 Nc6 3. g3 g6 4. Bg2 Bg7 5. f4 e6 6. Nf3 Nge7 7. O-O O-O 8. d3
Nd4 9. Be3 Nec6 10. Rb1 Rb8 11. Ne2 Nxe2+ 12. Qxe2 b6 13. c3 d5 14. exd5 exd5
15. d4 c4 16. Ne5 Ne7 17. Bf2 f6 18. Nf3 Bf5 19. Rbe1 Be4 20. Nd2 f5 21. g4 Kh8
22. Bh4 Qd7 23. gxf5 Nxf5 24. Bxe4 Nxh4 25. Nf3 Qg4+ 26. Kh1 dxe4 27. Nxh4 Qxh4
28. Qxe4 g5 29. f5 Qxe4+ 30. Rxe4 Rbe8 31. Rxe8 Rxe8 32. f6 Bf8 33. d5 Re5 34.
d6 Bxd6 35. Rd1 Re6 0-1

[Event "5. ODEM U25 2008"]
[Site "Willingen GER"]
[Date "2008.05.11"]
[Round "1"]
[White "Kahleys, Kevin"]
[Black "Dietz, Daniel"]
[Result "0-1"]
[Termination "normal"]
[Board "33"]
[WhiteElo "1955"]
[BlackElo "1421"]
[PlyCount "100"]
[WhiteFideId "24669601"]
[EventCountry "GER"]
[EventRounds "9"]
[EventType "swiss"]
[EventDate "2008.05.10"]

1. d4 Nf6 2. c4 g6 3. Nf3 Bg7 4. g3 O-O 5. Bg2 d6 6. O-O Nbd7 7. Nc3 c6 8. e4
e5 9. h3 a6 10. a4 Rb8 11. Qd3 Re8 12. dxe5 Nxe5 13. Nxe5 dxe5 14. Rd1 Qxd3 15.
Rxd3 Be6 16. c5 Red8 17. Bf1 Rxd3 18. Bxd3 Bxh3 19. f3 Be6 20. b4 Rd8 21. Be2
Bf8 22. Be3 Nh5 23. Kf2 f5 24. f4 exf4 25. gxf4 Bg7 26. e5 Bh6 27. Bxh5 gxh5
28. Ne2 Rd3 29. Nd4 Bxf4 30. Nxe6 Bxe3+ 31. Ke2 Rd5 32. Kxe3 Rxe5+ 33. Kf4 Rxe6
34. Kxf5 Rg6 35. Rd1 h4 36. Rh1 Rh6 37. Kg5 Kg7 38. Rh3 Rg6+ 39. Kf5 Rf6+ 40.
Kg5 h6+ 41. Kh5 Rf4 42. Rb3 h3 43. Rxh3 Rxb4 44. Rd3 Rf4 45. Rb3 Rf5+ 46. Kg4
Rxc5 47. Rxb7+ Kf6 48. Rb6 a5 49. Ra6 Ke6 50. Ra8 Rc4+ 0-1

[Event "5. ODEM U25 2008"]
[Site "Willingen GER"]
[Date "2008.05.11"]
[Round "1"]
[White "Kuckling, Jonas"]
[Black "Bömelburg, Raphael"]
[Result "0-1"]
[Termination "normal"]
[Board "34"]
[WhiteElo "1420"]
[BlackElo "1852"]
[PlyCount "88"]
[WhiteFideId "24603856"]
[BlackFideId "24692441"]
[EventCountry "GER"]
[EventRounds "9"]
[EventType "swiss"]
[EventDate "2008.05.10"]

1. d4 Nf6 2. c4 c5 3. d5 e6 4. Bg5 exd5 5. cxd5 d6 6. e4 h6 7. Bxf6 Qxf6 8. Nc3
a6 9. a4 g6 10. Nf3 Bg4 11. Be2 Nd7 12. O-O Bg7 13. h3 Bxf3 14. Bxf3 O-O 15.
Be2 Qe7 16. Qc2 Rae8 17. Bd3 Rc8 18. Qb3 c4 19. Bxc4 Bxc3 20. bxc3 Qxe4 21.
Qxb7 Nc5 22. Qb4 Rb8 23. Rfe1 Qf4 24. Bb5 Qf5 25. Re3 axb5 26. axb5 Nd3 27. Qh4
g5 28. Qg3 Nf4 29. c4 Qc2 30. Rae1 Qxc4 31. Re4 Qd3 32. R1e3 Qd1+ 33. Kh2 Kh7
34. h4 Qh5 35. Kg1 Rxb5 36. hxg5 hxg5 37. f3 Rxd5 38. Re7 Rd2 39. R7e4 Rxg2+
40. Qxg2 Nxg2 41. Kxg2 Ra8 42. f4 Ra2+ 43. Kg3 Qh4+ 44. Kf3 Qh3# 0-1

[Event "5. ODEM U25 2008"]
[Site "Willingen GER"]
[Date "2008.05.11"]
[Round "1"]
[White "Klebanov, Andrej"]
[Black "Reksten, Daniel"]
[Result "1-0"]
[Termination "normal"]
[Board "35"]
[WhiteElo "1850"]
[BlackElo "1400"]
[PlyCount "37"]
[WhiteFideId "24669989"]
[BlackFideId "24692590"]
[EventCountry "GER"]
[EventRounds "9"]
[EventType "swiss"]
[EventDate "2008.05.10"]

1. d4 c6 2. e4 d5 3. e5 Bf5 4. Bd3 Bxd3 5. Qxd3 e6 6. f4 Bb4+ 7. c3 Ba5 8. f5
Qd7 9. Qg3 g6 10. fxg6 hxg6 11. Nf3 Na6 12. O-O O-O-O 13. b4 Bb6 14. Ng5 Nh6
15. Qf2 Nxb4 16. cxb4 Ng4 17. Qf4 Rxh2 18. Qxg4 Rdh8 19. Nh3 1-0

[Event "5. ODEM U25 2008"]
[Site "Willingen GER"]
[Date "2008.05.11"]
[Round "1"]
[White "Holle, Eric"]
[Black "Fernschild, Daniel"]
[Result "0-1"]
[Termination "normal"]
[Board "36"]
[WhiteElo "1400"]
[BlackElo "1877"]
[PlyCount "42"]
[WhiteFideId "4624610"]
[BlackFideId "4624513"]
[EventCountry "GER"]
[EventRounds "9"]
[EventType "swiss"]
[EventDate "2008.05.10"]

1. e4 e6 2. f4 d5 3. e5 c5 4. c3 Nc6 5. Nf3 Qb6 6. Na3 f6 7. Nh4 g6 8. Nf3 Bg7
9. d4 cxd4 10. cxd4 a6 11. Bd3 Bd7 12. Bc2 O-O-O 13. Bb3 Nge7 14. Qd3 Nf5 15.
Nc2 Kb8 16. Bd2 Rc8 17. Rb1 Nxe5 18. dxe5 Bb5 19. Bc4 Rxc4 20. Qb3 Rhc8 21. Na3
Re4+ 0-1

[Event "5. ODEM U25 2008"]
[Site "Willingen GER"]
[Date "2008.05.11"]
[Round "1"]
[White "Richters, Marc"]
[Black "Arnold, Sebastian"]
[Result "1-0"]
[Termination "normal"]
[Board "37"]
[WhiteElo "1961"]
[BlackElo "1366"]
[PlyCount "120"]
[WhiteFideId "24612332"]
[BlackFideId "24692603"]
[EventCountry "GER"]
[EventRounds "9"]
[EventType "swiss"]
[EventDate "2008.05.10"]

1. Nf3 d5 2. d4 Nf6 3. c4 e6 4. Nc3 Be7 5. Bg5 Nbd7 6. e3 O-O 7. Bd3 b6 8. O-O
Bb7 9. Qe2 c5 10. Rfd1 cxd4 11. exd4 Qe8 12. Rac1 Bd6 13. Nb5 Qb8 14. h3 a6 15.
Nxd6 Qxd6 16. Bxf6 Nxf6 17. c5 Qc7 18. c6 Bc8 19. a4 Ne8 20. Ng5 Nf6 21. b4 Rd8
22. b5 axb5 23. axb5 Ra5 24. Ra1 Qa7 25. Qb2 g6 26. Rxa5 bxa5 27. b6 Qa8 28. b7
Bxb7 29. Qxb7 Qxb7 30. cxb7 Rb8 31. Ba6 Ne8 32. Rc1 Nd6 33. Rc8+ Nxc8 34.
bxc8=Q+ Rxc8 35. Bxc8 a4 36. Nf3 a3 37. Nd2 a2 38. Nb3 Kf8 39. Kf1 Ke7 40. Ke1
f6 41. Kd2 e5 42. dxe5 fxe5 43. Ba6 e4 44. Ke3 Kd6 45. Kd4 Kc6 46. Bb7+ Kxb7
47. Kxd5 Kb6 48. Kxe4 Kb5 49. Kd3 Ka4 50. Kc2 Ka3 51. g4 g5 52. Kc3 Ka4 53. Kb2
a1=B+ 54. Nxa1 Kb4 55. Kc2 Kc4 56. Kd2 Kd4 57. Ke2 Ke4 58. Nc2 Kf4 59. Nd4 Ke5
60. Nf3+ Kf6 1-0

[Event "5. ODEM U25 2008"]
[Site "Willingen GER"]
[Date "2008.05.11"]
[Round "1"]
[White "Schäfer, Emma"]
[Black "Hentschel, Tobias"]
[Result "1-0"]
[Termination "normal"]
[Board "38"]
[WhiteElo "1348"]
[BlackElo "1812"]
[PlyCount "77"]
[WhiteFideId "24659312"]
[EventCountry "GER"]
[EventRounds "9"]
[EventType "swiss"]
[EventDate "2008.05.10"]

1. d4 d5 2. Nf3 Nf6 3. e3 Bf5 4. c4 e6 5. Qb3 b6 6. Nc3 c6 7. Ne5 Bd6 8. h3 Qc7
9. f4 O-O 10. Bd2 Ne4 11. g4 Bxe5 12. gxf5 Bf6 13. Nxe4 dxe4 14. fxe6 Bh4+ 15.
Ke2 f5 16. Rc1 Re8 17. d5 Na6 18. Kd1 Nc5 19. Qc2 Qd6 20. b4 Na6 21. c5 Qxd5
22. Bxa6 b5 23. a4 bxa4 24. Qxa4 Red8 25. Qc2 Kh8 26. Bc4 Qxd2+ 27. Qxd2 Rxd2+
28. Kxd2 Rb8 29. Rb1 g6 30. Ke2 Bf6 31. Rb3 Kg7 32. Rd1 g5 33. fxg5 Bxg5 34.
Rd7+ Kf6 35. Rxh7 f4 36. exf4 Bxf4 37. Rxa7 Rg8 38. Rf7+ Ke5 39. Ra3 1-0

[Event "5. ODEM U25 2008"]
[Site "Willingen GER"]
[Date "2008.05.11"]
[Round "1"]
[White "Ackermann, Johannes"]
[Black "Voggenreiter, Sara"]
[Result "1-0"]
[Termination "normal"]
[Board "39"]
[WhiteElo "1902"]
[BlackElo "1594"]
[PlyCount "83"]
[WhiteFideId "24663875"]
[BlackFideId "24615358"]
[EventCountry "GER"]
[EventRounds "9"]
[EventType "swiss"]
[EventDate "2008.05.10"]

1. e4 d5 2. exd5 Qxd5 3. Nc3 Qa5 4. d4 c6 5. Nf3 Bf5 6. Bc4 Nf6 7. Bd2 Qc7 8.
Bb3 e6 9. Qe2 Bd6 10. O-O-O Nbd7 11. Nh4 Bg6 12. Nxg6 hxg6 13. d5 cxd5 14. Nxd5
Nxd5 15. Bxd5 O-O 16. Be4 Nf6 17. Bd3 Qc6 18. f3 Rac8 19. g4 Qd5 20. Kb1 Qc6
21. h4 Qc5 22. h5 gxh5 23. g5 Nd5 24. Rxh5 g6 25. Rh4 Rfd8 26. Rdh1 Kf8 27.
Bxg6 Ke7 28. Bd3 Rf8 29. Re1 Bg3 30. Rc4 Qb6 31. Rf1 Bc7 32. f4 Kd7 33. f5 Rce8
34. Re4 Rg8 35. Bb5+ Kd8 36. Bxe8 Rxe8 37. Qd3 a6 38. c4 Qc6 39. Rfe1 Rg8 40.
fxe6 fxe6 41. Rxe6 Qc5 42. b4 1-0

[Event "5. ODEM U25 2008"]
[Site "Willingen GER"]
[Date "2008.05.11"]
[Round "1"]
[White "Brand, Benedikt"]
[Black "Lehmann, Ruben"]
[Result "0-1"]
[Termination "normal"]
[Board "40"]
[WhiteElo "1314"]
[BlackElo "1780"]
[PlyCount "82"]
[WhiteFideId "24683744"]
[BlackFideId "24671177"]
[EventCountry "GER"]
[EventRounds "9"]
[EventType "swiss"]
[EventDate "2008.05.10"]

1. e4 c6 2. d4 d5 3. exd5 cxd5 4. Nf3 Nf6 5. c4 Bg4 6. cxd5 Qxd5 7. Nc3 Qa5 8.
Qd3 Nc6 9. Qb5 Qc7 10. d5 Bxf3 11. gxf3 a6 12. Qc4 Qe5+ 13. Be3 Nd8 14. Qa4+
Nd7 15. Bb5 Qf5 16. Bxd7+ Qxd7 17. Qxd7+ Kxd7 18. Rg1 g6 19. O-O-O Bg7 20. Bd4
Bxd4 21. Rxd4 f6 22. f4 Nf7 23. Re1 Nd6 24. Rd2 Rac8 25. Kb1 Rc4 26. Rde2 Re8
27. Ne4 Nxe4 28. Rxe4 Rxe4 29. Rxe4 Kd6 30. Rc4 Rd8 31. Re4 Rd7 32. Kc2 Kxd5
33. Re3 Rc7+ 34. Kd2 e6 35. Rh3 Ke4 36. Re3+ Kf5 37. Kd3 Re7 38. h3 Kxf4 39.
Re4+ Kf3 40. Re3+ Kxf2 41. Ke4 f5+ 0-1

[Event "5. ODEM U25 2008"]
[Site "Willingen GER"]
[Date "2008.05.11"]
[Round "1"]
[White "Müller, Alexander"]
[Black "Reiser, Marck"]
[Result "1-0"]
[Termination "normal"]
[Board "41"]
[WhiteElo "1807"]
[BlackElo "1294"]
[PlyCount "107"]
[WhiteFideId "4624696"]
[BlackFideId "24684678"]
[EventCountry "GER"]
[EventRounds "9"]
[EventType "swiss"]
[EventDate "2008.05.10"]

1. e4 e5 2. Nf3 Nc6 3. Bc4 Bc5 4. d3 d6 5. c3 Nge7 6. Ng5 d5 7. exd5 Nxd5 8.
Qf3 Be6 9. Nxe6 fxe6 10. O-O Qd7 11. b4 Bb6 12. Qe4 Nf6 13. Qe2 Qd6 14. Nd2 Ne7
15. Ne4 Nxe4 16. Qxe4 c6 17. Be3 Bxe3 18. fxe3 Ng6 19. Qg4 Ke7 20. Rf2 Rhf8 21.
Raf1 Rf6 22. Qg5 Raf8 23. a4 a6 24. d4 exd4 25. exd4 b5 26. axb5 axb5 27. Bd3
Qd5 28. Qg3 Rxf2 29. Qc7+ Qd7 30. Qxd7+ Kxd7 31. Rxf2 Rxf2 32. Kxf2 Kd6 33. Ke3
Nh4 34. g3 Nf5+ 35. Kf4 g6 36. g4 Ne7 37. Kg5 Nd5 38. c4 bxc4 39. Bxc4 Nxb4 40.
Kf6 Nc2 41. Bxe6 Nxd4 42. Bg8 Nf3 43. h3 c5 44. Bxh7 Ne5 45. Bg8 c4 46. g5 c3
47. Bb3 Nd3 48. Kxg6 Nf4+ 49. Kf5 Nxh3 50. g6 c2 51. Bxc2 Ke7 52. Bb3 Kf8 53.
Kf6 Nf4 54. g7+ 1-0

[Event "5. ODEM U25 2008"]
[Site "Willingen GER"]
[Date "2008.05.11"]
[Round "1"]
[White "Briese, Annika"]
[Black "Ehlers, Michael"]
[Result "0-1"]
[Termination "normal"]
[Board "42"]
[WhiteElo "1289"]
[BlackElo "1988"]
[PlyCount "70"]
[BlackFideId "4674537"]
[EventCountry "GER"]
[EventRounds "9"]
[EventType "swiss"]
[EventDate "2008.05.10"]

1. e4 c5 2. Nf3 Nc6 3. Bc4 e6 4. Nc3 a6 5. Be2 Nd4 6. d3 Ne7 7. Be3 Nec6 8. Nb1
d5 9. O-O Be7 10. Nbd2 Nxe2+ 11. Qxe2 d4 12. Bf4 g5 13. Bg3 h5 14. h3 b5 15. b3
Bb7 16. Rac1 Bf6 17. e5 Be7 18. c3 dxc3 19. Rxc3 Nd4 20. Nxd4 Qxd4 21. Rcc1 Rd8
22. Ne4 Bxe4 23. Qxe4 Qxe4 24. dxe4 Rd4 25. f3 O-O 26. Bf2 Rd2 27. Bxc5 Bxc5+
28. Rxc5 Rfd8 29. a4 bxa4 30. bxa4 Ra2 31. Ra5 Rdd2 32. Rb1 Rxg2+ 33. Kf1 Raf2+
34. Ke1 Rh2 35. Rb8+ Kg7 0-1

[Event "5. ODEM U25 2008"]
[Site "Willingen GER"]
[Date "2008.05.11"]
[Round "1"]
[White "Kelm, Marcel"]
[Black "Alt, Elisabeth"]
[Result "1-0"]
[Termination "normal"]
[Board "43"]
[WhiteElo "2016"]
[BlackElo "1275"]
[PlyCount "35"]
[WhiteFideId "4675770"]
[BlackFideId "24692620"]
[EventCountry "GER"]
[EventRounds "9"]
[EventType "swiss"]
[EventDate "2008.05.10"]

1. c4 Nf6 2. Nc3 g6 3. g3 Bg7 4. Bg2 e5 5. e4 O-O 6. Nge2 d6 7. O-O Be6 8. d3
Nc6 9. h3 Qd7 10. Kh2 Rac8 11. f4 Rfd8 12. g4 Qe7 13. f5 Bd7 14. g5 Ne8 15. f6
Nxf6 16. gxf6 Bxf6 17. Nd5 Qe8 18. Nxf6+ 1-0